[Event "7th Iberoamerican-ch 2019"]
[Site "Linares"]
[Date "2019.08.12"]
[Round "3.1"]
[White "Espinosa Aranda, Angel"]
[Black "Anton Guijarro, David"]
[Result "0-1"]
[WhiteElo "2488"]
[BlackElo "2678"]
[Annotator "TA"]
[PlyCount "92"]
[EventDate "2019.08.10"]
[EventType "swiss"]
[EventCountry "ESP"]
[SourceTitle "playchess.com"]
[Source "ChessBase"]
[SourceQuality "1"]

{[%evp 12,118,16,8,22,16,18,12,18,35,22,0,0,-10,0,-16,0,0,0,-12,0,-77,-78,-94,-74,-99,-85,-105,-81,-117,-111,-125,-70,-107,-89,-99,-93,-93,-93,-80,-94,-93,-83,-100,-93,-148,-152,-150,-150,-153,-145,-157,-160,-164,-163,-172,-171,-179,-182,-185,-183,-185,-162,-178,-175,-196,-195,-195,-195,-193,-187,-187,-175,-193,-198,-333,-317,-289,-283,-325,-302,-620,-566,-511,-434,-427,-410,-425,-526,-551,-540,-568,-418,-567,-564,-556,-539,-702,-662,-717,-715,-704,-705,-662,-656,-691,-685,-589,-290]} 1. e4 c5 2. Nf3 d6 3. Bb5+ Bd7 4. Bxd7+ Nxd7 5. O-O Ngf6 6. Re1 e6 7. b3 Be7 {B52: Sicilian: Moscow Variation with 3...Bd7} 8. Bb2 a6 (8... O-O 9. c4 e5 10. Nc3 g6 11. d3 Nh5 12. Bc1 Bf6 13. Nd2 Bg5 14. g3 Nb8 15. Nd5 Nc6 16. f4 Bh6 17. f5 {0-1 (73) Jones,G (2682)-Miton,K (2588) St Petersburg 2018}) 9. d4 cxd4 $146 {The position is equal.} 10. Nxd4 Qa5 11. Nd2 O-O 12. Nc4 Qc7 13. a4 b6 14. Qe2 Rfe8 15. Rad1 Bf8 16. e5 (16. Nf3 $11) 16... dxe5 $17 17. Nf3 {[%cal Rc4e5]} e4 18. Nfe5 Nc5 19. Ne3 Rad8 20. h3 Nd5 21. N5c4 Nxe3 ({Black should try} 21... Nf4 $17 22. Qf1 f6) 22. Qxe3 Rd5 23. Qc3 Red8 24. Ne3 Rxd1 25. Rxd1 Rxd1+ 26. Nxd1 f5 27. Qc4 Qd7 28. Nc3 (28. Ne3 $142) 28... Qd2 29. Qe2 Qxe2 30. Nxe2 {[%mdl 4096] Endgame KBN-KBN} g6 31. Kf1 Kf7 32. Bd4 Nd7 33. Ke1 e5 34. Be3 Ke6 35. g3 Bb4+ 36. Kd1 Be7 37. h4 h5 38. Kd2 Bb4+ 39. Kd1 Kd5 40. Bg5 Bc5 41. Ke1 Ke6 42. Bd2 Nf6 43. b4 (43. Be3 $142) 43... Be7 $19 44. c4 Ng4 45. Nc1 {[#]} f4 $1 {[%mdl 512]} 46. Ne2 $2 (46. Kf1) (46. gxf4 Bxh4) 46... f3 {Played: e4-e3} 0-1

[Event "7th Iberoamerican-ch 2019"]
[Site "Linares"]
[Date "2019.08.12"]
[Round "3.2"]
[White "Escobar Forero, Alder"]
[Black "Delgado Ramirez, Neuris"]
[Result "1/2-1/2"]
[WhiteElo "2477"]
[BlackElo "2605"]
[Annotator "TA"]
[PlyCount "94"]
[EventDate "2019.08.10"]
[EventType "swiss"]
[EventCountry "ESP"]
[SourceTitle "playchess.com"]
[Source "ChessBase"]
[SourceQuality "1"]

{[%evp 9,94,61,58,46,64,40,55,61,47,29,14,9,25,0,0,1,0,6,0,0,4,0,0,0,0,0,-17,0,8,0,13,0,0,-12,-12,-18,-10,-42,-31,-36,-37,-41,-44,-45,-40,-53,-20,-64,-26,-47,-47,-47,-53,-55,-36,-33,-29,-33,-33,-34,-36,-58,-18,-22,-9,-18,-18,-18,0,0,0,0,0,0,0,-6,-6,-6,0,0,0,0,0,0,0,0,0]} 1. e4 e5 2. Nf3 Nc6 3. Bb5 Nge7 4. Nc3 d6 (4... Ng6 5. d4 exd4 6. Nxd4 Nxd4 7. Qxd4 c6 8. Be2 Qb6 9. Be3 Qxd4 10. Bxd4 Nf4 11. Bf3 Ne6 12. Be3 f6 {½-½ (39) Guseinov,G (2664)-Motylev,A (2644) St Petersburg 2018}) 5. d4 a6 6. Be2 {C60: Ruy Lopez: Unusual Black 3rd moves and 3...g6} exd4 7. Nxd4 Nxd4 8. Qxd4 {White is slightly better.} Nc6 9. Qd2 g6 10. Nd5 $146 {[#] Hoping for Qc3.} ({Predecessor:} 10. Qg5 Be7 11. Qh6 Bf8 12. Qg5 Be7 13. Qh6 Bf8 14. Qg5 Be7 {½-½ (14) Jaracz,P (2558)-Le Roux,J (2522) Mrzezyno 2011}) 10... Bg7 $1 11. Qg5 Be6 12. Qxd8+ Kxd8 13. Bg5+ Kd7 14. O-O-O h6 15. Bf6 Bxf6 16. Nxf6+ Ke7 17. Ng4 Bxg4 ({Reject} 17... Bxa2 $6 18. b3 $16) 18. Bxg4 Ne5 19. Be2 g5 20. Bh5 Raf8 21. g3 g4 22. Rde1 Rhg8 $36 {[%mdl 2048] White is under pressure.} 23. h3 f5 $1 24. exf5 Rxf5 {[%mdl 64] [#] Double Attack} 25. Bxg4 $1 Rxf2 26. Re3 Rg2 27. Rf1 Kd8 28. Rf4 Nxg4 (28... Rg1+ {keeps more tension.} 29. Kd2 c6 30. a4 a5 31. b4 axb4 32. Rxb4 Kc7) 29. Rxg4 Rxg4 30. hxg4 $15 {[%mdl 4096] Endgame KR-KR} Kd7 31. a4 a5 32. Rf3 Kc6 33. Rc3+ Kb6 34. Rb3+ Ka6 35. Re3 b6 36. b3 {The position is equal.} b5 37. axb5+ Kxb5 38. Rf3 d5 39. Rf5 c6 40. g5 hxg5 41. Rxg5 a4 {And now ...axb3 would win.} 42. bxa4+ Kxa4 43. Kb2 d4 44. Rc5 d3 45. Rxc6 dxc2 46. Rc4+ Kb5 47. Rxc2 Rxg3 {Accuracy: White = 58%, Black = 55%.} 1/2-1/2

[Event "7th Iberoamerican-ch 2019"]
[Site "Linares"]
[Date "2019.08.12"]
[Round "3.3"]
[White "Albornoz Cabrera, Carlos Daniel"]
[Black "Sosa, Tomas"]
[Result "1/2-1/2"]
[WhiteElo "2566"]
[BlackElo "2516"]
[Annotator "ChessBase"]
[PlyCount "138"]
[EventDate "2019.08.10"]
[EventType "swiss"]
[EventCountry "ESP"]
[SourceTitle "playchess.com"]
[Source "ChessBase"]
[SourceQuality "1"]
[TimeControl "5400+30"]

1. Nf3 {[%emt 0:00:00]} Nf6 {[%emt 0:00:55]} 2. c4 {[%emt 0:00:00]} e6 {[%emt 0:01:18]} 3. Nc3 {[%emt 0:00:00]} d5 {[%emt 0:00:04]} 4. d4 {[%emt 0:00:00]} dxc4 {[%emt 0:01:37]} 5. e4 {[%emt 0:00:00]} b5 {[%emt 0:00:28]} 6. e5 {[%emt 0:00:13]} Nd5 {[%emt 0:00:06]} 7. Nxb5 {[%emt 0:00:05]} Nb6 {[%emt 0:00:14]} 8. Be2 {[%emt 0:00:12]} Nc6 {[%emt 0:01:32]} 9. O-O {[%emt 0:01:05]} Be7 {[%emt 0:04:03]} 10. Be3 {[%emt 0:04:30]} O-O {[%emt 0:02:07]} 11. Qc1 {[%emt 0:09:48]} Ba6 {[%emt 0:00:50]} 12. Na3 {[%emt 0:00:38]} Qd5 {[%emt 0:30:47]} 13. b3 {[%emt 0:03:44]} Bxa3 {[%emt 0:01:42]} 14. Qxa3 {[%emt 0:00:08]} Bb5 {[%emt 0:00:03]} 15. Rac1 {[%emt 0:10:46]} cxb3 {[%emt 0:10:09]} 16. Bxb5 {[%emt 0:02:35]} Qxb5 {[%emt 0:00:06]} 17. Rc5 {[%emt 0:01:52]} Qb4 {[%emt 0:00:16]} 18. Qxb3 {[%emt 0:01:06]} Qxb3 {[%emt 0:00:11]} 19. axb3 {[%emt 0:00:02]} Ne7 {[%emt 0:00:14]} 20. Rxc7 {[%emt 0:00:16]} Nbd5 {[%emt 0:00:03]} 21. Rc5 {[%emt 0:04:20]} Rfb8 {[%emt 0:01:53]} 22. Nd2 {[%emt 0:05:58]} Nf5 {[%emt 0:04:04]} 23. Re1 {[%emt 0:03:03]} h5 {[%emt 0:00:42]} 24. Kf1 {[%emt 0:08:39]} a5 {[%emt 0:04:36]} 25. Rc4 {[%emt 0:07:15]} Nb6 {[%emt 0:05:49]} 26. Rc2 {[%emt 0:01:40]} Nd5 {[%emt 0:02:39]} 27. Rc4 {[%emt 0:10:11]} Nb6 {[%emt 0:05:07]} 28. Rc5 {[%emt 0:00:09]} Nd5 {[%emt 0:01:48]} 29. Ra1 {[%emt 0:02:59]} Ndxe3+ {[%emt 0:01:48]} 30. fxe3 {[%emt 0:00:01]} Nxe3+ {[%emt 0:00:09]} 31. Kf2 {[%emt 0:00:37]} Nf5 {[%emt 0:00:17]} 32. d5 {[%emt 0:01:42]} Rd8 {[%emt 0:12:57]} 33. d6 {[%emt 0:00:46]} f6 {[%emt 0:00:03]} 34. Nc4 {[%emt 0:02:53]} fxe5 {[%emt 0:00:15]} 35. Rd1 {[%emt 0:01:24]} Nd4 {[%emt 0:03:21]} 36. Rxe5 {[%emt 0:04:46]} Nxb3 {[%emt 0:00:06]} 37. d7 {[%emt 0:04:13]} a4 {[%emt 0:00:37]} 38. Rb5 {[%emt 0:00:21]} Ra7 {[%emt 0:01:34]} 39. Ne5 {[%emt 0:00:36]} Rc7 {[%emt 0:00:15]} 40. Ke3 {[%emt 0:01:23]} Rc5 {[%emt 0:01:20]} 41. Rxc5 {[%emt 0:03:15]} Nxc5 {[%emt 0:00:01]} 42. Rc1 {[%emt 0:01:28]} Nxd7 {[%emt 0:00:30]} 43. Rd1 {[%emt 0:00:30]} a3 {[%emt 0:00:27]} 44. Nxd7 {[%emt 0:00:55]} a2 {[%emt 0:00:15]} 45. Ra1 {[%emt 0:00:18]} Rxd7 {[%emt 0:00:04]} 46. Rxa2 {[%emt 0:00:04]} Kf7 {[%emt 0:00:31]} 47. Ke4 {[%emt 0:00:47]} Rb7 {[%emt 0:00:28]} 48. Ra5 {[%emt 0:00:25]} Rb4+ {[%emt 0:01:01]} 49. Kf3 {[%emt 0:00:28]} g6 {[%emt 0:00:37]} 50. g3 {[%emt 0:02:31]} Kf6 {[%emt 0:00:45]} 51. h3 {[%emt 0:01:26]} e5 {[%emt 0:01:01]} 52. Ra8 {[%emt 0:00:30]} Rb3+ {[%emt 0:03:19]} 53. Kf2 {[%emt 0:00:28]} h4 {[%emt 0:00:19]} 54. gxh4 {[%emt 0:00:17]} Rxh3 {[%emt 0:00:04]} 55. Rh8 {[%emt 0:00:54]} Kf5 {[%emt 0:00:25]} 56. Kg2 {[%emt 0:00:33]} Kg4 {[%emt 0:01:14]} 57. Rh6 {[%emt 0:00:25]} Rg3+ {[%emt 0:00:05]} 58. Kf2 {[%emt 0:00:11]} Kf4 {[%emt 0:01:06]} 59. h5 {[%emt 0:00:11]} Rh3 {[%emt 0:00:38]} 60. Rxg6 {[%emt 0:00:19]} Rh2+ {[%emt 0:00:13]} 61. Ke1 {[%emt 0:00:38]} Rxh5 {[%emt 0:00:10]} 62. Ra6 {[%emt 0:00:14]} Rh1+ {[%emt 0:00:59]} 63. Ke2 {[%emt 0:00:06]} Rh2+ {[%emt 0:00:04]} 64. Ke1 {[%emt 0:00:03]} Rh3 {[%emt 0:00:20]} 65. Ke2 {[%emt 0:00:25]} Re3+ {[%emt 0:00:33]} 66. Kf2 {[%emt 0:00:15]} Rb3 {[%emt 0:00:17]} 67. Ke2 {[%emt 0:00:28]} Rb2+ {[%emt 0:00:37]} 68. Ke1 {[%emt 0:00:09]} e4 {[%emt 0:00:34]} 69. Ra3 {[%emt 0:00:04]} Rb1+ {[%emt 0:00:06]} 1/2-1/2

[Event "7th Iberoamerican-ch 2019"]
[Site "Linares"]
[Date "2019.08.12"]
[Round "3.4"]
[White "Zambrana, Oswaldo"]
[Black "Henriquez Villagra, Cristobal"]
[Result "0-1"]
[WhiteElo "2440"]
[BlackElo "2560"]
[Annotator "ChessBase"]
[PlyCount "88"]
[EventDate "2019.08.10"]
[EventType "swiss"]
[EventCountry "ESP"]
[SourceTitle "playchess.com"]
[Source "ChessBase"]
[SourceQuality "1"]
[TimeControl "5400+30"]

1. e4 {[%emt 0:00:17]} e5 {[%emt 0:01:25]} 2. Nf3 {[%emt 0:00:11]} Nc6 {[%emt 0:00:05]} 3. Bc4 {[%emt 0:00:05]} Bc5 {[%emt 0:00:05]} 4. O-O {[%emt 0:00:47]} Nf6 {[%emt 0:00:39]} 5. d3 {[%emt 0:00:37]} d6 {[%emt 0:00:13]} 6. c3 {[%emt 0:00:08]} a6 {[%emt 0:01:11]} 7. a4 {[%emt 0:00:22]} Ba7 {[%emt 0:04:04]} 8. Be3 {[%emt 0:00:32]} O-O {[%emt 0:02:38]} 9. Nbd2 {[%emt 0:00:39]} Ne7 {[%emt 0:10:00]} 10. Nh4 {[%emt 0:09:14]} d5 {[%emt 0:09:16]} 11. exd5 {[%emt 0:00:40]} Bxe3 {[%emt 0:00:06]} 12. fxe3 {[%emt 0:00:10]} Nexd5 {[%emt 0:00:09]} 13. Qe2 {[%emt 0:04:15]} Ng4 {[%emt 0:10:33]} 14. Bxd5 {[%emt 0:00:22]} Qxd5 {[%emt 0:00:15]} 15. Nf5 Bxf5 {[%emt 0:00:30]} 16. Rxf5 {[%emt 0:00:22]} Nh6 {[%emt 0:00:11]} 17. Rf2 {[%emt 0:05:35]} Rad8 {[%emt 0:05:50]} 18. d4 {[%emt 0:01:33]} exd4 {[%emt 0:01:56]} 19. exd4 {[%emt 0:00:03]} c5 {[%emt 0:00:22]} 20. dxc5 {[%emt 0:00:42]} Qxc5 {[%emt 0:00:13]} 21. Nb3 {[%emt 0:01:24]} Qg5 {[%emt 0:07:16]} 22. Nd4 {[%emt 0:05:00]} Rfe8 {[%emt 0:02:39]} 23. Qf3 {[%emt 0:01:30]} Rd7 {[%emt 0:00:22]} 24. h3 {[%emt 0:01:52]} Rde7 {[%emt 0:02:19]} 25. Qf4 {[%emt 0:03:37]} Qa5 {[%emt 0:02:18]} 26. Rf3 {[%emt 0:05:45]} Qb6 {[%emt 0:01:16]} 27. Rg3 {[%emt 0:08:54]} Re6 {[%emt 0:09:58]} 28. Rf1 {[%emt 0:05:55]} Rg6 {[%emt 0:08:02]} 29. Re3 {[%emt 0:01:42]} Rf8 {[%emt 0:00:52]} 30. Re2 {[%emt 0:03:49]} Kh8 {[%emt 0:03:48]} 31. Rfe1 {[%emt 0:05:05]} Ng8 {[%emt 0:05:00]} 32. b4 {[%emt 0:04:17]} Nf6 {[%emt 0:03:52]} 33. Re7 {[%emt 0:01:38]} h6 {[%emt 0:01:20]} 34. Qf3 {[%emt 0:05:29]} Qd8 {[%emt 0:02:21]} 35. Rxb7 {[%emt 0:00:23]} Re8 {[%emt 0:02:37]} 36. Rd1 {[%emt 0:07:12]} Qd5 {[%emt 0:00:17]} 37. Rf1 {[%emt 0:05:17]} Re4 {[%emt 0:00:18]} 38. Rc7 {[%emt 0:01:19]} Qg5 {[%emt 0:02:04]} 39. Rc5 {[%emt 0:05:51]} Qd2 {[%emt 0:00:18]} 40. Rf2 {[%emt 0:03:27]} Re1+ {[%emt 0:00:46]} 41. Rf1 {[%emt 0:00:09]} Ne4 {[%emt 0:00:29]} 42. Rc8+ {[%emt 0:02:51]} Kh7 {[%emt 0:00:01]} 43. Rxe1 {[%emt 0:00:10]} Qxe1+ {[%emt 0:00:05]} 44. Kh2 {[%emt 0:00:07]} Ng3 {[%emt 0:00:12]} 0-1

[Event "7th Iberoamerican-ch 2019"]
[Site "Linares"]
[Date "2019.08.12"]
[Round "3.5"]
[White "Cruz, Cristhian"]
[Black "Huerga Leache, Mikel"]
[Result "1/2-1/2"]
[WhiteElo "2562"]
[BlackElo "2440"]
[Annotator "ChessBase"]
[PlyCount "86"]
[EventDate "2019.08.10"]
[EventType "swiss"]
[EventCountry "ESP"]
[SourceTitle "playchess.com"]
[Source "ChessBase"]
[SourceQuality "1"]
[TimeControl "5400+30"]

1. c4 {[%emt 0:00:00]} Nf6 {[%emt 0:00:17]} 2. g3 {[%emt 0:00:05]} e5 {[%emt 0:02:20]} 3. Bg2 {[%emt 0:00:26]} c6 {[%emt 0:00:09]} 4. d4 {[%emt 0:01:20]} e4 {[%emt 0:01:13]} 5. Nc3 {[%emt 0:02:12]} d5 {[%emt 0:00:12]} 6. Bg5 {[%emt 0:02:46]} Bb4 {[%emt 0:10:03]} 7. Nh3 {[%emt 0:07:41]} Nbd7 {[%emt 0:05:38]} 8. O-O {[%emt 0:12:25]} h6 {[%emt 0:02:30]} 9. Bd2 {[%emt 0:12:44]} Bxc3 {[%emt 0:01:06]} 10. Bxc3 {[%emt 0:00:09]} O-O {[%emt 0:01:53]} 11. cxd5 {[%emt 0:02:21]} cxd5 {[%emt 0:00:48]} 12. f3 {[%emt 0:04:24]} Re8 {[%emt 0:02:30]} 13. Nf2 {[%emt 0:00:17]} Nb6 {[%emt 0:01:39]} 14. b3 {[%emt 0:04:44]} Bf5 {[%emt 0:01:13]} 15. Rc1 {[%emt 0:00:09]} Qd6 {[%emt 0:07:45]} 16. Bb2 {[%emt 0:02:06]} Re7 {[%emt 0:00:43]} 17. Rc3 {[%emt 0:10:20]} Rc8 {[%emt 0:05:14]} 18. fxe4 {[%emt 0:09:57]} Nxe4 {[%emt 0:11:27]} 19. Rxc8+ {[%emt 0:00:06]} Nxc8 {[%emt 0:01:38]} 20. Nd3 {[%emt 0:00:05]} Bh7 {[%emt 0:00:40]} 21. Qc1 {[%emt 0:01:27]} Rc7 {[%emt 0:05:43]} 22. Qf4 {[%emt 0:00:40]} Qxf4 {[%emt 0:01:56]} 23. Nxf4 {[%emt 0:00:14]} Nb6 {[%emt 0:00:42]} 24. Rc1 {[%emt 0:02:16]} Rxc1+ {[%emt 0:02:27]} 25. Bxc1 {[%emt 0:00:15]} g5 {[%emt 0:05:08]} 26. Nd3 {[%emt 0:04:22]} Nc3 {[%emt 0:10:11]} 27. Kf2 {[%emt 0:00:30]} Be4 {[%emt 0:03:25]} 28. Bh3 {[%emt 0:05:08]} f5 {[%emt 0:04:37]} 29. Bd2 {[%emt 0:01:21]} Nb5 {[%emt 0:00:55]} 30. Nc5 {[%emt 0:04:19]} Nd6 {[%emt 0:01:19]} 31. Ke1 {[%emt 0:01:20]} Nbc8 {[%emt 0:02:03]} 32. Bf1 {[%emt 0:05:20]} Kf7 {[%emt 0:01:06]} 33. h4 {[%emt 0:00:34]} Kg6 {[%emt 0:00:48]} 34. hxg5 {[%emt 0:00:56]} hxg5 {[%emt 0:00:00]} 35. Ne6 {[%emt 0:02:18]} Nf7 {[%emt 0:00:02]} 36. Kd1 {[%emt 0:00:30]} Kf6 {[%emt 0:00:21]} 37. Nc5 {[%emt 0:00:09]} Ncd6 {[%emt 0:01:00]} 38. Nd7+ {[%emt 0:00:35]} Ke7 {[%emt 0:00:41]} 39. Ne5 {[%emt 0:00:11]} Ke6 {[%emt 0:01:55]} 40. Nf3 {[%emt 0:01:14]} Kf6 {[%emt 0:00:13]} 41. Ne5 {[%emt 0:00:14]} Ke6 {[%emt 0:01:01]} 42. Nf3 {[%emt 0:00:04]} Kf6 {[%emt 0:01:15]} 43. Ne5 {[%emt 0:00:06]} Ke6 1/2-1/2

[Event "7th Iberoamerican-ch 2019"]
[Site "Linares"]
[Date "2019.08.12"]
[Round "3.6"]
[White "Martinez Duany, Lelys Stanley"]
[Black "Ladron De Guevara Pinto, Paolo"]
[Result "1/2-1/2"]
[WhiteElo "2535"]
[BlackElo "2416"]
[Annotator "TA"]
[PlyCount "56"]
[EventDate "2019.08.10"]
[EventType "swiss"]
[EventCountry "ESP"]
[SourceTitle "playchess.com"]
[Source "ChessBase"]
[SourceQuality "1"]

{[%evp 9,56,29,30,25,26,32,25,-2,-10,-14,-6,-36,-17,-58,-70,-61,-27,-69,-51,-55,-51,-68,-25,-32,-29,-35,-18,-31,0,-8,0,-15,-19,-15,-5,-25,-27,-16,-22,-17,0,0,0,-13,0,-5,0,-7,-6]} 1. e4 e5 2. Nf3 Nc6 3. Bb5 a6 4. Bxc6 dxc6 5. O-O Qf6 6. d4 {C68: Ruy Lopez: Exchange Variation, sidelines} exd4 7. Bg5 Qd6 8. Qxd4 {White has an edge.} (8. Nxd4 Be7 9. Bxe7 Nxe7 10. Nc3 Bd7 11. Nde2 O-O-O 12. Qc1 Ng6 13. Qe3 Kb8 {0-1 (39) Naiditsch,A (2695)-Svidler,P (2735) Karlsruhe/Baden Baden 2019}) 8... Qxd4 9. Nxd4 Bd7 10. Nd2 (10. a4 {with more complications.} Ne7 11. Nc3 O-O-O 12. Nb3 f6 13. Be3) 10... Ne7 11. N2b3 b6 12. Rfe1 O-O-O $146 ({Predecessor:} 12... f6 13. Bf4 O-O-O {0-1 (36) Watson,F (2095)-Morton,A (1894) San Francisco 2012}) 13. Rad1 Re8 14. f3 c5 15. Ne2 Ng6 16. Nd2 f6 17. Be3 Ne5 18. Nc3 Bc6 19. b3 a5 20. h3 Kb7 21. Nd5 a4 22. Bf4 Bd6 23. Bh2 axb3 {The position is equal.} 24. axb3 Bxd5 25. exd5 f5 26. Kf1 b5 27. Ra1 Nf7 28. Bg1 Rxe1+ {Accuracy: White = 27%, Black = 57%.} 1/2-1/2

[Event "7th Iberoamerican-ch 2019"]
[Site "Linares"]
[Date "2019.08.12"]
[Round "3.7"]
[White "Cuenca Jimenez, Jose Fernando"]
[Black "Plazuelo Pascual, Juan"]
[Result "0-1"]
[WhiteElo "2534"]
[BlackElo "2403"]
[Annotator "ChessBase"]
[PlyCount "56"]
[EventDate "2019.08.10"]
[EventType "swiss"]
[EventCountry "ESP"]
[SourceTitle "playchess.com"]
[Source "ChessBase"]
[SourceQuality "1"]
[TimeControl "5400+30"]

1. e4 {[%emt 0:00:00]} c6 {[%emt 0:00:00]} 2. c4 {[%emt 0:02:38]} d5 {[%emt 0:00:29]} 3. exd5 {[%emt 0:00:05]} cxd5 {[%emt 0:00:08]} 4. cxd5 {[%emt 0:00:08]} Nf6 {[%emt 0:00:43]} 5. Nc3 {[%emt 0:00:05]} Nxd5 {[%emt 0:01:22]} 6. Nf3 {[%emt 0:00:06]} Nc6 {[%emt 0:00:36]} 7. Bb5 {[%emt 0:00:45]} g6 {[%emt 0:04:04]} 8. Qb3 {[%emt 0:12:36]} Be6 {[%emt 0:16:02]} 9. Ng5 {[%emt 0:08:17]} Qd7 {[%emt 0:06:22]} 10. Nxe6 {[%emt 0:20:33]} Qxe6+ {[%emt 0:00:30]} 11. Kf1 {[%emt 0:02:43]} O-O-O {[%emt 0:13:55]} 12. Nxd5 {[%emt 0:12:16]} Qxd5 {[%emt 0:02:14]} 13. Qxd5 {[%emt 0:00:11]} Rxd5 {[%emt 0:00:05]} 14. Bc4 {[%emt 0:00:03]} Rd6 {[%emt 0:05:40]} 15. d3 {[%emt 0:03:54]} Bg7 {[%emt 0:04:45]} 16. Rb1 {[%emt 0:03:35]} Ne5 {[%emt 0:10:42]} 17. Be3 {[%emt 0:14:51]} Nxd3 {[%emt 0:07:28]} 18. Ke2 {[%emt 0:05:27]} Nxb2 {[%emt 0:06:45]} 19. Bxf7 {[%emt 0:06:15]} Na4 20. Rhc1+ {[%emt 0:00:43]} Nc3+ {[%emt 0:04:27]} 21. Rxc3+ {[%emt 0:01:11]} Bxc3 {[%emt 0:00:08]} 22. Rc1 {[%emt 0:00:02]} Rc6 {[%emt 0:00:27]} 23. Rxc3 {[%emt 0:00:04]} Rxc3 {[%emt 0:00:03]} 24. Bd4 {[%emt 0:00:01]} Rc2+ {[%emt 0:00:24]} 25. Ke3 {[%emt 0:03:23]} Rd8 {[%emt 0:00:54]} 26. Bxa7 {[%emt 0:00:14]} Rd6 {[%emt 0:00:36]} 27. Bd4 {[%emt 0:02:09]} Rxd4 {[%emt 0:00:13]} 28. Kxd4 {[%emt 0:00:06]} Rxf2 {[%emt 0:00:04]} 0-1

[Event "7th Iberoamerican-ch 2019"]
[Site "Linares"]
[Date "2019.08.12"]
[Round "3.8"]
[White "Vallejo Pons, Francisco"]
[Black "Aizpurua, Patrick"]
[Result "1/2-1/2"]
[WhiteElo "2687"]
[BlackElo "2243"]
[Annotator "TA"]
[PlyCount "81"]
[EventDate "2019.08.10"]
[EventType "swiss"]
[EventCountry "ESP"]
[SourceTitle "playchess.com"]
[Source "ChessBase"]
[SourceQuality "1"]

{[%evp 13,81,24,25,39,27,17,21,35,39,47,53,38,55,46,58,56,70,64,60,36,75,27,32,30,38,29,43,33,47,43,54,31,23,0,0,-20,67,56,80,31,16,-32,-47,-73,-8,-8,-10,-13,-12,-31,-30,-31,-39,-84,-65,-96,-86,-120,-72,-74,-61,-70,0,-145,0,0,0,-138,0,-6]} 1. e4 e5 2. Nf3 Nc6 3. Bb5 a6 4. Ba4 Nf6 5. d3 b5 6. Bb3 Be7 7. a4 Rb8 8. axb5 {C77: Ruy Lopez: 3...a6 4 Ba4 Nf6, unusual lines} axb5 9. Nc3 (9. O-O O-O 10. Re1 d6 11. c3 Be6 12. Bxe6 fxe6 13. Bg5 Nd7 14. Be3 d5 15. Nbd2 Nc5 16. Nb3 Na4 17. Qe2 Bd6 18. d4 dxe4 19. Nxe5 Bxe5 20. dxe5 Nxe5 {1-0 (43) Adams,M (2738)-Shirov,A (2630) Douglas 2017}) 9... O-O 10. Be3 Bb4 $146 ({Predecessor:} 10... d6 11. Nd5 Nxd5 12. Bxd5 Qe8 13. c3 Be6 14. Qb3 Bxd5 15. Qxd5 Bf6 16. O-O Ne7 17. Qb3 Qc6 18. Ra7 d5 19. Nd2 b4 20. exd5 {½-½ (20) Vesselovsky,S (2354)-Kriebel,T (2203) Frydek Mistek 2010}) 11. O-O Bxc3 12. bxc3 d6 13. Bg5 Be6 14. Ra6 {Strongly threatening Bxf6.} Ne7 15. Bxf6 gxf6 16. Nh4 Ng6 17. Nf5 Qc8 18. Ra7 Bxf5 19. exf5 Qxf5 20. Rxc7 Rbc8 21. Rb7 ({Of course not} 21. g4 Qf4 $15) 21... Rc5 22. g3 e4 23. d4 Rxc3 24. Qe2 b4 ({Black should try} 24... d5 $11) 25. Rb5 $14 Qd7 26. Rxb4 d5 27. Ra1 Rf3 $1 28. Rb5 {[#]} Qg4 (28... Kh8 $1 $17 {aiming for ...Nf4!} 29. Kh1 (29. Bxd5 Nf4 $15) (29. Rxd5 Qg4 $11) 29... Ne7) 29. Kh1 $1 $132 {[%mdl 2048] White is not keeping still} Rxg3 30. Qxg4 Rxg4 31. Rxd5 Nf4 32. Rf5 Kg7 33. c3 Kg6 34. Bd1 {[#]} Rh4 $1 35. Raa5 Rb8 36. Rfb5 Rxb5 37. Rxb5 Nd3 (37... Rh3 $15 38. Bg4 Rxc3 39. Bf5+ Kg7) 38. Bc2 (38. Kg2 $11 {remains equal.}) 38... Ne1 (38... Nxf2+ $17 39. Kg2 f5) 39. Bd1 $1 Nd3 40. Bc2 (40. Kg2 $11) 40... Ne1 (40... Nxf2+ $17 41. Kg2 f5) 41. Bd1 $1 {Accuracy: White = 37%, Black = 50%.} 1/2-1/2

[Event "7th Iberoamerican-ch 2019"]
[Site "Linares"]
[Date "2019.08.12"]
[Round "3.9"]
[White "Flores, Diego"]
[Black "Teran Alvarez, Ismael"]
[Result "1-0"]
[WhiteElo "2600"]
[BlackElo "2392"]
[Annotator "TA"]
[PlyCount "55"]
[EventDate "2019.08.10"]
[EventType "swiss"]
[EventCountry "ESP"]
[SourceTitle "playchess.com"]
[Source "ChessBase"]
[SourceQuality "1"]

{[%evp 11,55,13,22,0,0,-1,-8,-19,-26,-44,-50,-44,-27,-33,0,-50,-41,-58,-42,-57,-43,-53,-43,-118,-103,-118,-114,-133,43,8,11,15,23,4,51,0,10,-30,-13,-15,-22,-29,79,77,1198,1182]} 1. c4 e6 2. Nf3 Nf6 3. b3 d5 4. Bb2 Be7 5. e3 b6 6. Nc3 O-O 7. Qc2 {A13: English Opening: 1...e6} (7. cxd5 exd5 8. d4 Bb7 9. Bd3 c5 10. O-O Nc6 11. Na4 Ne4 12. dxc5 bxc5 13. Ne5 Bd6 14. Bxe4 dxe4 15. Nc4 Be7 16. Qg4 g6 17. Qxe4 Qc7 18. Nc3 Nb4 {0-1 (50) Duda,J (2738)-Bacrot,E (2684) chess.com INT 2019}) 7... c5 8. cxd5 exd5 9. d4 {The position is equal.} Nc6 10. Bb5 $146 ({Predecessor:} 10. dxc5 bxc5 11. Rd1 Be6 12. Be2 Qc8 13. O-O Rd8 14. Na4 Nb4 {0-1 (29) Danielian,E (2413)-Ordaz Valdes,L (2414) Riadh 2017}) 10... Nb4 11. Qb1 c4 $36 {[%mdl 2048] Black has good play.} 12. bxc4 {aiming for a3.} a6 13. a3 axb5 14. cxb5 {[#]} Na6 $1 {[%cal Ra6b8][%mdl 512]} 15. bxa6 Bxa6 16. Ne5 Bd6 {[%mdl 1024] Black has compensation.} 17. Qf5 (17. Qd1 $15) 17... Re8 18. f3 Rc8 19. Kf2 Qe7 $2 (19... g6 $17 20. Qh3 Rxe5 21. dxe5 Bxe5) 20. Rhd1 g6 21. Qb1 Qe6 22. Kg1 Nh5 23. e4 Nf4 {[#] And now ...Rxc3! would win.} 24. exd5 Nxd5 25. Ne4 Be7 26. Re1 Nf4 (26... f5 $11 27. Ng3 Bg5) 27. Ng4 $16 {Threatens to win with Nef6+!} Qf5 $2 {[%mdl 8192]} (27... Kf8 $16) 28. Nh6+ {[%mdl 64] Double Attack. Accuracy: White = 43%, Black = 45%.} 1-0